000 00231nam a22001217a 4500
040 _cSY
082 _a333
100 _aOU CHOULY
245 _aProtected area management
260 _aRUA
_bOU
_c2007
300 _a62p.
942 _cEK
999 _c9741
_d9741